Normal view
MARC view
- Drury, Bill
Entry Personal Name
001 - CONTROL NUMBER
- control field: 58190
003 - CONTROL NUMBER IDENTIFIER
- control field: NUST
005 - DATE AND TIME OF LATEST TRANSACTION
- control field: 20210628202059.0
008 - FIXED-LENGTH DATA ELEMENTS
- fixed length control field: 210628|| aca||aabn | a|a d
040 ## - CATALOGING SOURCE
- Original cataloging agency: NUST
- Transcribing agency: NUST
100 ## - HEADING--PERSONAL NAME
- Personal name: Drury, Bill
670 ## - SOURCE DATA FOUND
- Source citation: Work cat.: (NUST): Drury, Bill, The control techniques drives and controls handbook, 2001
